000 00359nam a2200145Ia 4500
008 221030s9999 xx 000 0 und d
020 _a8184314243
041 _aEnglish
100 _aJ. S. Chitode
245 0 _aDigital Signal Processing
_cby J. S. Chitode
260 _bTechnical Pub.
_aPune
_c2011
300 _a575
650 _aBB Computer
942 _cBK
999 _c18081
_d18081